00393nam a2200169Ia 4500008004100000020001400041050001400055100001800069245002800087245002100115260002000136260001200156260000900168300001600177300002000193300001000213170918s9999 xx 000 0 und d a340897589 bG448 2005 aGibson, Fiona 4aThe fish finger years / cby Fiona Gibson. aGreat Britain : bHodder, c2005 a289 pages : billustrations ; c19cm.